Obras I: Rimas

Na minha lista:
Detalhes bibliográficos
Autor principal: Jáuregui, Juan de
Formato: Livro
Idioma:Undetermined
Publicado em: Madrid, España Espasa Calpe 1973
Assuntos:
Tags: Adicionar Tag
Sem tags, seja o primeiro a adicionar uma tag!

MARC

LEADER 00000nam a2200000Ia 4500
008 170316s9999 xx 000 0 und d
040 |a cru BVZT 
090 |a 862 J-3o v.1 
100 |a Jáuregui, Juan de 
245 |a Obras I: Rimas 
260 |a Madrid, España 
260 |b Espasa Calpe 
260 |c 1973 
300 |a 205 páginas 
650 |a LITERATURA ESPAÑOLA 
999 |c 10025  |d 10025 
942 |c 15 D  |h 862 J-3o v.1  |2 z